[Event "2nd Big Slick IM"]
[Site "London ENG"]
[Date "2011.06.25"]
[Round "1"]
[White "Hegarty, Sarah N"]
[Black "Radovanovic, Jovica"]
[Result "1/2-1/2"]
[WhiteTitle "WFM"]
[BlackTitle "FM"]
[WhiteElo "2108"]
[BlackElo "2323"]
[WhiteFideId "2501465"]
[BlackFideId "915912"]
[EventDate "2011.06.25"]

1. e4 c5 2. Nf3 d6 3. d4 cxd4 4. Nxd4 Nf6 5. Nc3 a6 6. Bc4 e6 7. Bb3 Nbd7 8. f4
Nc5 9. f5 b5 10. O-O b4 11. Na4 Nxb3 12. axb3 e5 13. Nf3 Bb7 14. Qe1 Bxe4 15.
Qxb4 Be7 16. Ng5 d5 17. Qb7 O-O 18. Nxe4 Nxe4 19. Be3 Bg5 20. Bxg5 Qxg5 21. Rf3
Rac8 22. Nc3 Nxc3 23. bxc3 e4 24. Rg3 Qxf5 25. Qxa6 Qe5 26. Qa5 Rfe8 27. Rf1 h5
28. Qa7 Rc7 29. Qe3 Rec8 30. Rg5 Rxc3 31. Rxe5 Rxe3 32. Rxd5 Rxc2 33. Rxh5 Rxb3
34. Ra1 g6 35. Re5 Rbb2 36. Rg5 Re2 37. h4 Kg7 38. Rf1 e3 39. Rg3 f6 40. h5 g5
41. h6+ Kxh6 42. Rxf6+ Kg7 43. Rf5 1/2-1/2

[Event "2nd Big Slick IM"]
[Site "London ENG"]
[Date "2011.06.25"]
[Round "1"]
[White "Croad, Nicolas"]
[Black "Eames, Robert S"]
[Result "1-0"]
[WhiteTitle "FM"]
[BlackTitle "FM"]
[WhiteElo "2276"]
[BlackElo "2259"]
[WhiteFideId "4300793"]
[BlackFideId "408743"]
[EventDate "2011.06.25"]

1. d4 f5 2. c4 Nf6 3. Nc3 g6 4. h4 Bg7 5. h5 Nxh5 6. e4 Nf6 7. exf5 gxf5 8. Qf3
O-O 9. Qxf5 d6 10. Qd3 e5 11. Bg5 exd4 12. Nd5 Rf7 13. O-O-O c6 14. Nxf6+ Bxf6
15. Bxf6 Qxf6 16. Qxd4 Qg5+ 17. Qd2 Qg7 18. Bd3 Bf5 19. Nf3 d5 20. Bxf5 Rxf5 21.
Rh3 Qf8 22. Rdh1 Rf7 23. Rg3+ Rg7 24. Qh6 Nd7 25. Qxh7+ Kf7 26. Rxg7+ Qxg7 27.
Ng5+ 1-0

[Event "2nd Big Slick IM"]
[Site "London ENG"]
[Date "2011.06.25"]
[Round "1"]
[White "Gormally, Daniel W"]
[Black "Yurenok, Maria S"]
[Result "1-0"]
[WhiteTitle "GM"]
[BlackTitle "WFM"]
[WhiteElo "2502"]
[BlackElo "2100"]
[WhiteFideId "406465"]
[BlackFideId "409359"]
[EventDate "2011.06.25"]

1. d4 d5 2. Nf3 Nf6 3. c4 c6 4. Nc3 dxc4 5. e4 b5 6. e5 Nd5 7. a4 Nxc3 8. bxc3
e6 9. Ng5 Bb7 10. Qh5 g6 11. Qf3 Qd7 12. Ne4 Be7 13. Ba3 Kf8 14. Qf4 h6 15. Nd6
Bxd6 16. Bxd6+ Kg7 17. Be2 Na6 18. Bf3 Nc7 19. Qf6+ Kh7 20. axb5 Nxb5 21. Be7
Rhg8 22. h4 Rae8 23. Bc5 Nxc3 24. h5 Nd5 25. hxg6+ Rxg6 26. Qh4 f5 27. exf6 Nxf6
28. O-O Reg8 29. Rxa7 R8g7 30. g3 Qd8 31. Bd1 Qd5 32. Bc2 Qg5 33. Qh3 Bc8 34.
Rfa1 1-0

[Event "2nd Big Slick IM"]
[Site "London ENG"]
[Date "2011.06.25"]
[Round "1"]
[White "Blackburn, Suzie G."]
[Black "Lalic, Bogdan"]
[Result "0-1"]
[WhiteTitle "WFM"]
[BlackTitle "GM"]
[WhiteElo "1944"]
[BlackElo "2469"]
[WhiteFideId "414930"]
[BlackFideId "409081"]
[EventDate "2011.06.25"]

1. d4 Nf6 2. Nf3 d6 3. Bg5 Nbd7 4. Nbd2 h6 5. Bxf6 Nxf6 6. e4 Bg4 7. h3 Bh5 8.
Bc4 e6 9. O-O Be7 10. c3 O-O 11. Qb3 Rb8 12. e5 dxe5 13. Nxe5 Nd7 14. Ndf3 Bxf3
15. Nxf3 b5 16. Be2 c5 17. dxc5 Nxc5 18. Qc2 Bf6 19. Rfd1 Qb6 20. Nd2 Rfc8 21.
Rab1 Rc7 22. Ne4 Be7 23. Rd2 b4 24. cxb4 Qxb4 25. Nxc5 Bxc5 26. Qd1 Qh4 27. Bf3
Rbc8 28. b4 Bb6 29. a4 e5 30. Bg4 Rb8 31. Rc1 Rxc1 32. Qxc1 h5 33. a5 Bd4 34.
Qc7 Rxb4 35. Qc8+ Kh7 36. Bf5+ g6 37. Qf8 Rb7 38. Bc2 Qf4 39. Re2 Rb5 40. Qa3
Kg7 41. g3 Qf6 42. Be4 Qa6 43. Ra2 Rc5 44. Kg2 Rc3 45. Qb4 Rc1 0-1

[Event "2nd Big Slick IM"]
[Site "London ENG"]
[Date "2011.06.26"]
[Round "2"]
[White "Radovanovic, Jovica"]
[Black "Sreeves, Clement"]
[Result "0-1"]
[WhiteTitle "FM"]
[WhiteElo "2323"]
[BlackElo "2173"]
[WhiteFideId "915912"]
[BlackFideId "2402564"]
[EventDate "2011.06.25"]

1. Nf3 d6 2. d4 Nf6 3. Nc3 g6 4. e4 Bg7 5. Be3 c6 6. a4 Nbd7 7. h3 O-O 8. Qd2
Qc7 9. Rd1 a6 10. Bd3 b5 11. O-O Bb7 12. b4 a5 13. Rb1 axb4 14. Rxb4 bxa4 15.
Rfb1 Rfb8 16. Rxa4 Rxa4 17. Nxa4 c5 18. dxc5 Nxe4 19. Bxe4 Bxe4 20. Rxb8+ Qxb8
21. cxd6 exd6 22. Nc3 Ba8 23. Bd4 Ne5 24. Nxe5 dxe5 25. Be3 Bc6 26. Nd5 Bxd5 27.
Qxd5 Qb1+ 28. Kh2 Qxc2 29. Qd8+ Bf8 30. Qb8 Qc6 31. Bh6 Qd6 32. Qe8 Qe7 33. Qb8
f6 34. Qb3+ Qf7 35. Qxf7+ Kxf7 36. Be3 Ke6 37. g4 Kd5 38. Kg2 Bc5 39. Bc1 Ke4
40. f3+ Kd3 41. Bb2 Ke2 0-1

[Event "2nd Big Slick IM"]
[Site "London ENG"]
[Date "2011.06.26"]
[Round "2"]
[White "Lalic, Bogdan"]
[Black "Makepeace, Philip J"]
[Result "1-0"]
[WhiteTitle "GM"]
[WhiteElo "2469"]
[BlackElo "2095"]
[WhiteFideId "409081"]
[BlackFideId "413550"]
[EventDate "2011.06.25"]

1. c4 e6 2. Nc3 d5 3. d4 Nf6 4. cxd5 exd5 5. Bg5 Be7 6. e3 O-O 7. Bd3 Nbd7 8.
Nge2 Re8 9. O-O Nf8 10. Qc2 c6 11. Rab1 h6 12. Bf4 Bd6 13. b4 Ne6 14. Bxd6 Qxd6
15. Rfc1 Ng4 16. Ng3 h5 17. Nf1 Bd7 18. f3 Nf6 19. Qf2 Reb8 20. a4 a5 21. bxa5
Rxa5 22. Rb6 Qa3 23. Qc2 Bc8 24. Rcb1 Qe7 25. Rxc6 Nd7 26. Nxd5 Rxd5 27. Rxc8+
Nef8 28. Bh7+ Kh8 29. Rxb8 Nxb8 30. Be4 Rd7 31. Rb5 g6 32. Qb2 1-0

[Event "2nd Big Slick IM"]
[Site "London ENG"]
[Date "2011.06.26"]
[Round "2"]
[White "Yurenok, Maria S"]
[Black "Blackburn, Suzie G."]
[Result "1-0"]
[WhiteTitle "WFM"]
[BlackTitle "WFM"]
[WhiteElo "2100"]
[BlackElo "1944"]
[WhiteFideId "409359"]
[BlackFideId "414930"]
[EventDate "2011.06.25"]

1. d4 e6 2. c4 Bb4+ 3. Bd2 a5 4. Nc3 Nf6 5. g3 d5 6. a3 Bxc3 7. Bxc3 a4 8. c5
Bd7 9. Nf3 Bb5 10. Bg2 Nc6 11. O-O O-O 12. Re1 Ne4 13. Nd2 Nxc3 14. bxc3 Na5 15.
Rb1 c6 16. e4 Qd7 17. f4 f5 18. exf5 exf5 19. Nf3 Nc4 20. Ne5 Qc7 21. Nxc4 Bxc4
22. Qd2 Bb3 23. Re6 Rae8 24. Rbe1 Kf7 25. Qe2 1-0

[Event "2nd Big Slick IM"]
[Site "London ENG"]
[Date "2011.06.26"]
[Round "2"]
[White "Eames, Robert S"]
[Black "Gormally, Daniel W"]
[Result "0-1"]
[WhiteTitle "FM"]
[BlackTitle "GM"]
[WhiteElo "2259"]
[BlackElo "2502"]
[WhiteFideId "408743"]
[BlackFideId "406465"]
[EventDate "2011.06.25"]

1. e4 e5 2. Nf3 Nc6 3. Bb5 a6 4. Ba4 Nf6 5. O-O Be7 6. Re1 b5 7. Bb3 d6 8. c3
O-O 9. h3 Na5 10. Bc2 d5 11. exd5 e4 12. Bxe4 Nxe4 13. Rxe4 Bb7 14. Qe2 Bf6 15.
d3 Qxd5 16. Bf4 c5 17. Re3 b4 18. Nbd2 bxc3 19. Ne4 Bd4 20. Nxd4 cxd4 21. Rg3
Qe6 22. Qh5 Bxe4 23. Qxa5 cxb2 24. Rb1 Bg6 25. Rxb2 Rfe8 26. Qb6 Qxb6 27. Rxb6
Re1+ 28. Kh2 Re2 29. a4 Rxf2 30. Be5 a5 31. Rd6 f6 32. Bxd4 Ra2 33. h4 Rxa4 34.
h5 Bxh5 35. Bxf6 Rg4 36. Ba1 Rxg3 37. Kxg3 Ra7 38. Bd4 Ra8 39. Rd7 Bf7 40. Kf4
a4 41. Ba1 h6 42. d4 Ra5 43. g4 a3 44. Rd8+ Kh7 45. Rd7 Bd5 46. Rd8 Rb5 47. Ke5
Bg8+ 48. d5 a2 49. Bd4 Ra5 50. Ba1 Ra4 51. Kf5 Ra7 52. d6 Rf7+ 53. Ke5 Rf1 54.
Bd4 a1=Q 55. Bxa1 Rxa1 56. Rb8 Ra5+ 57. Ke4 Be6 0-1

[Event "2nd Big Slick IM"]
[Site "London ENG"]
[Date "2011.06.26"]
[Round "2"]
[White "Hegarty, Sarah N"]
[Black "Croad, Nicolas"]
[Result "0-1"]
[WhiteTitle "WFM"]
[BlackTitle "FM"]
[WhiteElo "2108"]
[BlackElo "2276"]
[WhiteFideId "2501465"]
[BlackFideId "4300793"]
[EventDate "2011.06.25"]

1. e4 c6 2. d4 d5 3. f3 Qb6 4. a4 a5 5. exd5 cxd5 6. Nc3 Nf6 7. Bb5+ Bd7 8. Bg5
e6 9. Nge2 Be7 10. Bxd7+ Nbxd7 11. Qd3 O-O 12. Qb5 Qc6 13. O-O Rfc8 14. Qxc6
bxc6 15. Be3 Ne8 16. Nb1 Nd6 17. Nd2 Rab8 18. Ra2 Rb4 19. Bf2 Bg5 20. Be1 Rb7
21. Nb3 Nc4 22. f4 Bd8 23. Bc3 Bb6 24. Kh1 f5 25. Raa1 Nf6 26. Ng3 Ra8 27. Rae1
Kf7 28. Re2 Nd6 29. Nd2 Nde4 30. Ngxe4 Nxe4 31. Nxe4 dxe4 32. g3 Rd7 33. Rd2
Rad8 34. Rfd1 Rd5 35. Kg2 h6 36. Kf2 g5 37. fxg5 hxg5 38. Ke2 Rh8 39. Rh1 Rh3
40. Kf1 Kg6 41. Kg2 Rh7 42. Rf1 Rhd7 43. Rfd1 f4 44. g4 f3+ 45. Kf2 e5 0-1

[Event "2nd Big Slick IM"]
[Site "London ENG"]
[Date "2011.06.27"]
[Round "3"]
[White "Croad, Nicolas"]
[Black "Radovanovic, Jovica"]
[Result "1/2-1/2"]
[WhiteTitle "FM"]
[BlackTitle "FM"]
[WhiteElo "2276"]
[BlackElo "2323"]
[WhiteFideId "4300793"]
[BlackFideId "915912"]
[EventDate "2011.06.25"]

1. d4 d5 2. c4 c6 3. Nf3 Nf6 4. e3 Bg4 5. h3 Bxf3 6. Qxf3 e6 7. Nc3 Bb4 8. cxd5
cxd5 9. Bd3 Nc6 10. O-O O-O 11. Bd2 Rc8 12. Qe2 a6 13. f4 Bxc3 14. bxc3 Na5 15.
a4 Nc4 16. Rab1 Qd7 17. Rb4 Nd6 18. Rfb1 Rc7 19. Be1 Nfe4 20. Qb2 f5 21. Rb6 Rf7
22. a5 h6 23. Rb4 Rf8 24. Rc1 Kh8 25. Qb3 Rfc8 26. c4 dxc4 27. Bxc4 Qd8 28. Rc2
Rc6 29. Bd3 Qxa5 30. Rxc6 Rxc6 31. Kh2 Qd5 32. Qb2 b5 33. Bb1 a5 34. Ba2 Rc4 35.
Rb3 Qc6 36. d5 exd5 37. Ra3 a4 38. Qe5 b4 39. Bxc4 Nxc4 40. Qb8+ Kh7 41. Bxb4
Nxa3 42. Bxa3 Qc3 43. Bb2 Qxe3 44. Qe5 Qg3+ 45. Kg1 Qg6 46. Qxd5 Qb6+ 47. Kh2
Kg6 48. Be5 Qa6 49. Qg8 Nf6 50. Qf8 Kh7 51. Kh1 Qe6 52. Kh2 Qe8 53. Qb4 Kg6 54.
Kh1 Qd7 55. Kh2 h5 56. Qa5 Ne4 57. Qa6+ Kh7 1/2-1/2

[Event "2nd Big Slick IM"]
[Site "London ENG"]
[Date "2011.06.27"]
[Round "3"]
[White "Gormally, Daniel W"]
[Black "Hegarty, Sarah N"]
[Result "1-0"]
[WhiteTitle "GM"]
[BlackTitle "WFM"]
[WhiteElo "2502"]
[BlackElo "2108"]
[WhiteFideId "406465"]
[BlackFideId "2501465"]
[EventDate "2011.06.25"]

1. Nf3 Nf6 2. c4 g6 3. Nc3 d5 4. cxd5 Nxd5 5. Qa4+ Bd7 6. Qh4 Nxc3 7. dxc3 Nc6
8. e4 e5 9. Qg3 Qe7 10. Bc4 f6 11. h4 O-O-O 12. h5 gxh5 13. Rxh5 Na5 14. Be2 Qf7
15. Nd2 Be6 16. b3 Qd7 17. Kf1 Kb8 18. Kg1 Rg8 19. Qh4 Qg7 20. g3 Rd7 21. Nf1
Nc6 22. Ne3 Bc5 23. Kg2 Qh8 24. Rh6 Bf8 25. Rh5 Bc5 26. Bg4 Bxg4 27. Nxg4 Rg6
28. Rf5 Ne7 29. Rf3 Ng8 30. Be3 Bxe3 31. Nxe5 1-0

[Event "2nd Big Slick IM"]
[Site "London ENG"]
[Date "2011.06.27"]
[Round "3"]
[White "Makepeace, Philip J"]
[Black "Yurenok, Maria S"]
[Result "1-0"]
[BlackTitle "WFM"]
[WhiteElo "2095"]
[BlackElo "2100"]
[WhiteFideId "413550"]
[BlackFideId "409359"]
[EventDate "2011.06.25"]

1. e4 c5 2. Nf3 e6 3. d3 Nc6 4. g3 d6 5. Bg2 g6 6. O-O Bg7 7. c3 Nge7 8. Na3 O-O
9. Qe2 e5 10. Nd2 Be6 11. f4 exf4 12. gxf4 f5 13. Ndc4 d5 14. exd5 Bxd5 15. Be3
b6 16. Bxd5+ Qxd5 17. Rad1 Rad8 18. Rfe1 Nc8 19. Bf2 Bf6 20. Nb5 Rf7 21. Qe6 Kg7
22. Qxd5 Rxd5 23. Re8 Rf8 24. Nc7 Rxe8 25. Nxe8+ Kf7 26. Nxf6 Kxf6 27. a3 b5 28.
Ne3 Rd7 29. Nc2 c4 30. d4 N6e7 31. Kg2 Nd5 32. Kf3 Nd6 33. Ra1 a5 34. a4 b4 35.
cxb4 axb4 36. Be1 b3 37. Ne3 Ke6 38. a5 Nxe3 39. Kxe3 Kd5 40. a6 Nb5 41. Bb4 Kc6
42. Bc5 Rd8 43. a7 Kb7 44. Ra4 Nc7 45. Rxc4 Na6 46. Kd3 Nxc5+ 47. Rxc5 Kxa7 48.
Rb5 Re8 49. d5 Re4 50. Rxb3 Rxf4 51. Rb5 Re4 52. d6 Re6 53. Rd5 Re8 54. Kd4 Kb6
55. Rc5 Re1 56. Rc2 f4 57. Kd5 g5 58. d7 Rd1+ 59. Ke6 Re1+ 60. Kf6 Rd1 61. Ke7
Re1+ 62. Kd8 Kb7 63. Rc3 Rd1 64. Rc7+ Kb8 65. Rc8+ Kb7 66. Ke7 1-0

[Event "2nd Big Slick IM"]
[Site "London ENG"]
[Date "2011.06.28"]
[Round "4"]
[White "Radovanovic, Jovica"]
[Black "Lalic, Bogdan"]
[Result "1/2-1/2"]
[WhiteTitle "FM"]
[BlackTitle "GM"]
[WhiteElo "2323"]
[BlackElo "2469"]
[WhiteFideId "915912"]
[BlackFideId "409081"]
[EventDate "2011.06.25"]

1. e4 c5 2. Nf3 Nc6 3. d4 cxd4 4. Nxd4 e6 5. Nb5 d6 6. c4 a6 7. N5a3 Nf6 8. Nc3
Be7 9. Be2 O-O 10. O-O b6 1/2-1/2

[Event "2nd Big Slick IM"]
[Site "London ENG"]
[Date "2011.06.28"]
[Round "4"]
[White "Yurenok, Maria S"]
[Black "Sreeves, Clement"]
[Result "0-1"]
[WhiteTitle "WFM"]
[WhiteElo "2100"]
[BlackElo "2173"]
[WhiteFideId "409359"]
[BlackFideId "2402564"]
[EventDate "2011.06.25"]

1. d4 Nf6 2. c4 g6 3. Nc3 Bg7 4. e4 d6 5. f3 O-O 6. Nge2 a6 7. d5 c6 8. Nd4 e6
9. dxc6 bxc6 10. c5 e5 11. Nb3 d5 12. Bg5 Bb7 13. Bd3 Nbd7 14. Qe2 h6 15. Bh4
Qc7 16. O-O Rfe8 17. Na4 Nh5 18. Rfd1 Nf4 19. Qf1 a5 20. Rac1 Nxd3 21. Qxd3 Ba6
22. Qc2 d4 23. Nb6 Nxb6 24. cxb6 Qxb6 25. Qxc6 Reb8 26. Qxb6 Rxb6 27. Rd2 a4 28.
Nc5 Rc8 29. Nd3 Rxc1+ 30. Nxc1 Rc6 31. Ne2 a3 32. bxa3 d3 33. Ng3 g5 34. Nf5
Rc1+ 35. Kf2 gxh4 36. Nxh4 Bf8 37. Nf5 Bc5+ 38. Kg3 Kh7 39. Kh4 Bxa3 40. g4 Bb4
41. Rb2 d2 42. Ne3 Bc5 0-1

[Event "2nd Big Slick IM"]
[Site "London ENG"]
[Date "2011.06.28"]
[Round "4"]
[White "Eames, Robert S"]
[Black "Makepeace, Philip J"]
[Result "0-1"]
[WhiteTitle "FM"]
[WhiteElo "2259"]
[BlackElo "2095"]
[WhiteFideId "408743"]
[BlackFideId "413550"]
[EventDate "2011.06.25"]

1. e4 c6 2. d4 d5 3. e5 Bf5 4. h4 h5 5. c4 e6 6. Nc3 dxc4 7. Bxc4 Ne7 8. Nge2
Ng6 9. Bg5 Be7 10. Ng3 Bxg5 11. Nxf5 exf5 12. hxg5 Qxg5 13. Qb3 Qe7 14. O-O-O
Nf4 15. g4 b5 16. Nxb5 cxb5 17. Bxb5+ Nd7 18. gxf5 a6 19. Ba4 Kf8 20. Qf3 Rc8+
21. Kb1 Nb6 22. Bb3 Qg5 23. Qe4 g6 24. Qb7 Qxf5+ 25. Ka1 Na8 26. e6 Kg7 27. exf7
Rhf8 28. Rhe1 Rb8 29. Qe7 Rxb3 30. axb3 Rxf7 31. Qc5 Nc7 32. Re7 Qxc5 33. Rxf7+
Kxf7 34. dxc5 Ke6 35. Re1+ Kf5 36. Kb1 h4 37. Kc2 h3 0-1

[Event "2nd Big Slick IM"]
[Site "London ENG"]
[Date "2011.06.28"]
[Round "4"]
[White "Hegarty, Sarah N"]
[Black "Blackburn, Suzie G."]
[Result "0-1"]
[WhiteTitle "WFM"]
[BlackTitle "WFM"]
[WhiteElo "2108"]
[BlackElo "1944"]
[WhiteFideId "2501465"]
[BlackFideId "414930"]
[EventDate "2011.06.25"]

1. e4 e5 2. Bc4 Nf6 3. d3 Nc6 4. Nf3 Be7 5. O-O O-O 6. c3 d5 7. exd5 Nxd5 8. Re1
Bg4 9. h3 Bh5 10. Nbd2 Nb6 11. g4 Bg6 12. Nxe5 Nxe5 13. Rxe5 Nxc4 14. dxc4 Bd6
15. Re1 f5 16. Nf3 fxg4 17. hxg4 Qf6 18. Kg2 Bf7 19. Qd3 Be6 20. Rh1 g6 21. Bg5
Qf7 22. Rxh7 Qxh7 23. Rh1 Qf7 24. Kg1 Be5 25. Rh6 Bg7 26. Rxg6 Qxf3 27. Qxf3
Rxf3 28. Rxe6 Raf8 29. Be3 Kf7 30. Re4 Rh8 31. Kg2 Rfh3 32. Bf4 c6 33. Bd6 Bf6
34. c5 Rd3 35. Ra4 Rg8 36. Rxa7 Rxg4+ 37. Bg3 Rd7 38. a4 Be7 39. b4 Rc4 40. Be5
Ke6 41. a5 Kxe5 42. a6 Rg4+ 43. Kf3 Rg8 44. b5 Bxc5 45. bxc6 Bxa7 0-1

[Event "2nd Big Slick IM"]
[Site "London ENG"]
[Date "2011.06.29"]
[Round "5"]
[White "Gormally, Daniel W"]
[Black "Radovanovic, Jovica"]
[Result "1-0"]
[WhiteTitle "GM"]
[BlackTitle "FM"]
[WhiteElo "2502"]
[BlackElo "2323"]
[WhiteFideId "406465"]
[BlackFideId "915912"]
[EventDate "2011.06.25"]

1. d4 d5 2. Nf3 Nf6 3. c4 c6 4. Nc3 dxc4 5. e4 b5 6. e5 Nd5 7. a4 h6 8. g3 e6 9.
Bg2 b4 10. Ne4 Ba6 11. O-O Nd7 12. Re1 Rc8 13. Nh4 Be7 14. Qg4 g5 15. Ng6 fxg6
16. Qxe6 Kf8 17. Bh3 Kg7 18. Qxd7 Qxd7 19. Bxd7 Rc7 20. Bh3 Rd8 21. Bf1 c5 22.
Rd1 cxd4 23. Rxd4 Bb7 24. Nd6 Bxd6 25. exd6 Rxd6 26. Bxc4 Rcd7 27. a5 Nf4 28.
Rxd6 Rxd6 29. Be3 Nh3+ 30. Kf1 Ba6 31. Rc1 Rc6 32. Bxa6 Rxa6 33. Rc7+ Kf6 34.
Rxa7 Rxa7 35. Bxa7 Ke6 36. Kg2 g4 37. Be3 Kd5 38. Bxh6 Kc6 39. f3 gxf3+ 40. Kxh3
Kb5 41. g4 1-0

[Event "2nd Big Slick IM"]
[Site "London ENG"]
[Date "2011.06.29"]
[Round "5"]
[White "Blackburn, Suzie G."]
[Black "Croad, Nicolas"]
[Result "0-1"]
[WhiteTitle "WFM"]
[BlackTitle "FM"]
[WhiteElo "1944"]
[BlackElo "2276"]
[WhiteFideId "414930"]
[BlackFideId "4300793"]
[EventDate "2011.06.25"]

1. d4 Nf6 2. Nf3 e6 3. Bg5 c5 4. e3 b6 5. c3 Bb7 6. Nbd2 Be7 7. Bd3 O-O 8. O-O
cxd4 9. exd4 d6 10. Re1 Nbd7 11. Ne4 Re8 12. Nxf6+ Nxf6 13. Bxf6 Bxf6 14. Be4
Qd7 15. Qc2 g6 16. Bxb7 Qxb7 17. Qd2 Kg7 18. Qf4 Qd5 19. Qe4 Qxe4 20. Rxe4 b5
21. a4 Reb8 22. axb5 Rxb5 23. Re2 a5 24. Rc2 Rab8 25. Ra2 d5 26. g3 g5 27. h3
Kg6 28. g4 h6 29. Kg2 Bg7 30. Re2 Kh7 31. Ne5 Bxe5 32. dxe5 Kg6 33. Kg3 Rb3 34.
f3 h5 35. h4 hxg4 36. Kxg4 gxh4 37. Rg2 h3 38. Kxh3+ Kf5 39. Rg7 R8b7 40. Rxa5
Rxb2 41. Kg3 Rc2 42. Ra8 Kxe5 43. Rf8 Kf6 44. Rh7 Rxc3 45. Rh4 Rc2 46. Rf4+ Kg7
47. Ra8 Rbb2 48. Rg4+ Kf6 49. Rf4+ Ke5 50. Rg4 Rg2+ 51. Kh4 Rxg4+ 52. Kxg4 Rg2+
53. Kh3 Rg6 54. Ra7 f6 55. Ra4 Kf5 56. Rb4 e5 57. Ra4 d4 58. Ra3 Kf4 59. Kh2 f5
60. Rb3 Rg3 0-1

[Event "2nd Big Slick IM"]
[Site "London ENG"]
[Date "2011.06.29"]
[Round "5"]
[White "Sreeves, Clement"]
[Black "Eames, Robert S"]
[Result "0-1"]
[BlackTitle "FM"]
[WhiteElo "2173"]
[BlackElo "2259"]
[WhiteFideId "2402564"]
[BlackFideId "408743"]
[EventDate "2011.06.25"]

1. c4 f5 2. g3 Nf6 3. Nc3 g6 4. Bg2 Bg7 5. d3 O-O 6. e4 d6 7. Nge2 e5 8. O-O
fxe4 9. dxe4 Be6 10. Nd5 Nh5 11. Qb3 c6 12. Qxb7 cxd5 13. cxd5 Bg4 14. f3 Bc8
15. Qxa8 Qb6+ 16. Kh1 Ba6 17. Re1 Qf2 18. Rf1 Qb6 19. Ng1 Rc8 20. Bh3 Nd7 21.
Be6+ Kh8 22. Qxc8+ Bxc8 23. Bg5 Bf6 24. Bh6 Qd8 25. Rfc1 Bb7 26. Rc3 Nc5 27.
Rac1 Bg5 28. Bxg5 Qxg5 29. b4 Nd3 30. f4 Nhxf4 31. Nf3 Qh5 32. Rf1 Ne2 33. Rxd3
Nxg3+ 34. Kg1 Nxf1 35. b5 Nd2 36. Nxd2 Qe2 37. Rf3 Qxd2 38. Rf8+ Kg7 39. Rf7+
Kh6 40. Rxb7 Qe1+ 41. Kg2 Qxe4+ 42. Kf2 Qh4+ 43. Kg2 Kg5 44. h3 Qe4+ 45. Kg3 h5 0-1

[Event "2nd Big Slick IM"]
[Site "London ENG"]
[Date "2011.06.29"]
[Round "5"]
[White "Lalic, Bogdan"]
[Black "Yurenok, Maria S"]
[Result "1-0"]
[WhiteTitle "GM"]
[BlackTitle "WFM"]
[WhiteElo "2469"]
[BlackElo "2100"]
[WhiteFideId "409081"]
[BlackFideId "409359"]
[EventDate "2011.06.25"]

1. c4 e5 2. Nc3 d6 3. Nf3 f5 4. d4 e4 5. Ng5 Nf6 6. e3 Be7 7. Qb3 Nc6 8. Be2 O-O
9. Bd2 Na5 10. Qa4 b6 11. b4 Bd7 12. Qc2 Nb7 13. O-O c5 14. a3 Qe8 15. f3 h6 16.
Nh3 cxd4 17. exd4 Rc8 18. Nf4 exf3 19. Bxf3 Nd8 20. Rae1 Qf7 21. Ncd5 Re8 22.
Bc3 Kh7 23. Qd3 Nxd5 24. Bxd5 Qf6 25. Re3 Bf8 26. Nh5 Qg6 27. Rxe8 Qxe8 28. Ng3
g6 29. Re1 Ne6 30. Bxe6 Bxe6 31. d5 Bf7 32. Rxe8 Rxe8 33. Nxf5 gxf5 34. Qxf5+
Bg6 35. Qf6 1-0

[Event "2nd Big Slick IM"]
[Site "London ENG"]
[Date "2011.06.30"]
[Round "6"]
[White "Eames, Robert S"]
[Black "Lalic, Bogdan"]
[Result "1/2-1/2"]
[WhiteTitle "FM"]
[BlackTitle "GM"]
[WhiteElo "2259"]
[BlackElo "2469"]
[WhiteFideId "408743"]
[BlackFideId "409081"]
[EventDate "2011.06.25"]

1. e4 c5 2. Nf3 d6 3. d4 cxd4 4. Nxd4 Nf6 5. Nc3 a6 6. Be3 e5 7. Nb3 Be7 8. f3
Be6 9. Qd2 O-O 10. O-O-O a5 11. Kb1 a4 12. Nc1 Ra5 13. g4 d5 14. g5 Nxe4 15.
fxe4 d4 16. Qg2 Nd7 17. Nd5 dxe3 18. Nxe3 Bxg5 19. Rg1 Bf6 20. Bc4 Bxc4 21. Nxc4
Ra6 22. Nd3 Qc8 23. Ne3 g6 24. Nb4 Re6 25. Nbd5 Kh8 26. h4 h5 27. Nf5 Rg8 28.
Qd2 Qf8 29. Nc7 Rb6 30. Qh6+ Qxh6 31. Nxh6 Nc5 32. Nxg8 Kxg8 33. Nd5 Re6 34.
Nxf6+ Rxf6 35. Rd5 Nxe4 36. Rxe5 Nd2+ 37. Kc1 Nf3 38. Re8+ Kg7 39. Rh1 Rf4 40.
Rf1 Rf5 41. Rh1 Rf4 42. Rf1 Rf5 43. Rh1 Rf4 1/2-1/2

[Event "2nd Big Slick IM"]
[Site "London ENG"]
[Date "2011.06.30"]
[Round "6"]
[White "Hegarty, Sarah N"]
[Black "Sreeves, Clement"]
[Result "1/2-1/2"]
[WhiteTitle "WFM"]
[WhiteElo "2108"]
[BlackElo "2173"]
[WhiteFideId "2501465"]
[BlackFideId "2402564"]
[EventDate "2011.06.25"]

1. e4 c5 2. Nf3 d6 3. d4 cxd4 4. Nxd4 Nf6 5. Nc3 g6 6. Be3 Bg7 7. f3 Nc6 8. Qd2
O-O 9. O-O-O d5 10. Kb1 Nxd4 11. e5 Nf5 12. exf6 exf6 13. Bc5 d4 14. Bxf8 Qxf8
15. Nb5 Ne3 16. Re1 f5 17. Nxd4 f4 18. c3 Qc5 19. Rxe3 fxe3 20. Qxe3 Be6 21. Be2 1/2-1/2

[Event "2nd Big Slick IM"]
[Site "London ENG"]
[Date "2011.06.30"]
[Round "6"]
[White "Croad, Nicolas"]
[Black "Makepeace, Philip J"]
[Result "1-0"]
[WhiteTitle "FM"]
[WhiteElo "2276"]
[BlackElo "2095"]
[WhiteFideId "4300793"]
[BlackFideId "413550"]
[EventDate "2011.06.25"]

1. d4 d5 2. c4 e6 3. Nc3 Nf6 4. Bg5 Be7 5. cxd5 Nxd5 6. Bxe7 Qxe7 7. Nf3 Nxc3 8.
bxc3 O-O 9. g3 b6 10. Bg2 Bb7 11. Qc2 g6 12. h4 c5 13. h5 cxd4 14. hxg6 fxg6 15.
cxd4 Nc6 16. O-O Rad8 17. Qb2 Qb4 18. Rfb1 Qxb2 19. Rxb2 Na5 20. Ng5 Bxg2 21.
Kxg2 Rfe8 22. Rc2 e5 23. Rc7 h5 24. dxe5 Rd2 25. Ne4 Rxe2 26. Nf6+ Kf8 27. Nh7+
Kg8 28. Nf6+ Kf8 29. Nxe8 Kxe8 30. Rac1 1-0